[Event "POL-ch U18 Girls"]
[Site "Chotowa"]
[Date "2009.04.03"]
[Round "9"]
[White "Golek, Jagoda"]
[Black "Kotula, Oktawia"]
[Result "1-0"]
[WhiteElo "2028"]
[BlackElo "1737"]
[PlyCount "99"]
[EventDate "2009.03.28"]
[EventType "swiss"]
[EventRounds "11"]
[EventCountry "POL"]
[SourceTitle "EXT 2011"]
[Source "ChessBase"]
[SourceDate "2010.11.26"]
[SourceVersion "1"]
[SourceVersionDate "2010.11.26"]
[SourceQuality "1"]

1. e4 c5 2. Nf3 Nc6 3. d4 cxd4 4. Nxd4 g6 5. c4 Bg7 6. Be3 Nf6 7. Nc3 Ng4 8. Qxg4 Nxd4 9. Qd1 Ne6 10. Rc1 0-0 11. Be2 d6 12. 0-0 Nc5 13. f3 a5 14. b3 Bd7 15. Qd2 Re8 16. Rb1 Bc6 17. Rfc1 Rc8 18. Rc2 b6 19. a3 a4 20. b4 Nb3 21. Qd3 Ra8 22. Bf1 Bf6 23. Rd1 Kg7 24. Bf2 h6 25. Re2 Kh7 26. Rc2 Kg7 27. b5 Bb7 28. Nxa4 Rxa4 29. Qxb3 Qa8 30. Ra2 Qa5 31. Be1 Qa7 32. Kh1 Ra8 33. Rd3 Rc8 34. Bb4 Qa8 35. Be2 Ra7 36. Rd1 Kh7 37. Qe3 Ra4 38. Rb1 Qa7 39. Qd3 Qa8 40. Bd1 Ra7 41. Bb3 Rc7 42. Qe3 Be5 43. Qxb6 Bxe4 44. fxe4 Qxe4 45. Re1 Qd3 46. Qe3 Qxe3 47. Rxe3 Rab7 48. a4 Bd4 49. Re1 Kg7 50. a5 1-0

[Event "Bydgoszcz U18 op 26th"]
[Site "Bydgoszcz"]
[Date "2009.02.16"]
[Round "2.6"]
[White "Kotula, Oktawia"]
[Black "Gora, Antonina"]
[Result "1-0"]
[WhiteElo "1737"]
[BlackElo "1583"]
[PlyCount "51"]
[EventDate "2009.02.16"]
[EventType "swiss"]
[EventRounds "9"]
[EventCountry "POL"]
[SourceTitle "EXT 2023"]
[Source "ChessBase"]
[SourceDate "2022.10.05"]
[SourceVersion "1"]
[SourceVersionDate "2022.10.05"]
[SourceQuality "1"]

1. d4 Nf6 2. Nf3 g6 3. c4 Bg7 4. Nc3 d5 5. e3 0-0 6. Bd3 Nc6 7. 0-0 e6 8. a3 a6 9. b4 dxc4 10. Bxc4 b5 11. Bd3 Nd5 12. Ne4 Rb8 13. Qc2 Nce7 14. Bb2 Nb6 15. Rac1 Ned5 16. Nc5 Nd7 17. Rfd1 Nxc5 18. Qxc5 Bd7 19. e4 Nf4 20. Qxc7 Nxd3 21. Rxd3 f5 22. e5 Bh6 23. Qxd8 Rfxd8 24. Rc7 Rbc8 25. Rdc3 Bg7 26. Rxd7 1-0

[Event "Bydgoszcz U18 op 26th"]
[Site "Bydgoszcz"]
[Date "2009.02.16"]
[Round "1.9"]
[White "Kotula, Oktawia"]
[Black "Zwara, Szymon"]
[Result "0-1"]
[WhiteElo "1737"]
[BlackElo "1450"]
[PlyCount "80"]
[EventDate "2009.02.16"]
[EventType "swiss"]
[EventRounds "9"]
[EventCountry "POL"]
[SourceTitle "EXT 2023"]
[Source "ChessBase"]
[SourceDate "2022.10.05"]
[SourceVersion "1"]
[SourceVersionDate "2022.10.05"]
[SourceQuality "1"]

1. c4 e5 2. Nc3 d6 3. Nf3 f5 4. d3 Nf6 5. Bg5 Be7 6. g3 0-0 7. Bg2 Nc6 8. 0-0 h6 9. Bxf6 Bxf6 10. e3 Be6 11. Rc1 Kh7 12. Nd2 Qd7 13. a3 a5 14. Nd5 Bd8 15. f4 exf4 16. Nxf4 Bf6 17. Qc2 Ne7 18. d4 g5 19. Nxe6 Qxe6 20. Rce1 Rae8 21. Nb3 b6 22. a4 Bg7 23. Nd2 Ng6 24. Bd5 Qf6 25. Qd3 c5 26. Bc6 Re7 27. Nb3 Rc7 28. Bd5 Ne7 29. Bg2 d5 30. Rf2 cxd4 31. Nxd4 dxc4 32. Qc2 Kh8 33. Bf1 f4 34. Nb5 Rc5 35. exf4 gxf4 36. Rxf4 Qg5 37. Rxf8+ Bxf8 38. Nd6 Qd5 39. Ne4 Bg7 40. Qe2 Bd4+ 0-1

[Event "Kowalewo Pomorskie op-B"]
[Site "Kowalewo Pomorskie"]
[Date "2008.07.08"]
[Round "5.30"]
[White "Kotula, Oktawia"]
[Black "Walkusz, Maciej"]
[Result "0-1"]
[WhiteElo "1738"]
[BlackElo "1647"]
[PlyCount "70"]
[EventDate "2008.07.04"]
[EventType "swiss"]
[EventRounds "9"]
[EventCountry "POL"]
[SourceTitle "EXT 2023"]
[Source "ChessBase"]
[SourceDate "2022.10.05"]
[SourceVersion "1"]
[SourceVersionDate "2022.10.05"]
[SourceQuality "1"]

1. c4 Nf6 2. d4 g6 3. Nc3 Bg7 4. Nf3 0-0 5. Bf4 e6 6. e4 Nc6 7. Be2 b6 8. 0-0 Bb7 9. d5 Ne7 10. Rc1 Rc8 11. Nd2 exd5 12. cxd5 d6 13. Qa4 Nd7 14. Nb3 a5 15. Bb5 Ne5 16. Bxe5 Bxe5 17. Nd4 Bg7 18. Bd7 Ra8 19. Nce2 Ba6 20. Bb5 Bxb5 21. Qxb5 Ra7 22. Nc6 Nxc6 23. Rxc6 Qe7 24. f3 Re8 25. Rfc1 Rc8 26. Rxb6 Bh6 27. Rb8 Be3+ 28. Kf1 Rxb8 29. Qxb8+ Kg7 30. Rc3 Bb6 31. Qc8 Qh4 32. Ng3 Qxh2 33. Qh3 Qg1+ 34. Ke2 Qf2+ 35. Kd3 Qxb2 0-1

[Event "Kowalewo Pomorskie op-B"]
[Site "Kowalewo Pomorskie"]
[Date "2008.07.04"]
[Round "1.8"]
[White "Kotula, Oktawia"]
[Black "Grajczak, Adrian"]
[Result "0-1"]
[WhiteElo "1738"]
[BlackElo "1955"]
[PlyCount "46"]
[EventDate "2008.07.04"]
[EventType "swiss"]
[EventRounds "9"]
[EventCountry "POL"]
[SourceTitle "EXT 2023"]
[Source "ChessBase"]
[SourceDate "2022.10.05"]
[SourceVersion "1"]
[SourceVersionDate "2022.10.05"]
[SourceQuality "1"]

1. c4 f5 2. d4 e6 3. Nc3 Bb4 4. Nf3 Nf6 5. Bg5 Bxc3+ 6. bxc3 0-0 7. e3 b6 8. Be2 Bb7 9. 0-0 d6 10. Qb3 Qe8 11. Bxf6 Rxf6 12. Nd2 Nd7 13. f4 Rh6 14. Bf3 Bxf3 15. Nxf3 Qh5 16. Qb5 Nf6 17. Qc6 Rf8 18. Rfe1 Qf7 19. c5 Ne4 20. a4 dxc5 21. Ne5 Qe7 22. c4 Qh4 23. h3 Qf2+ 0-1

[Event "Bydgoszcz op U20"]
[Site "Bydgoszcz"]
[Date "2008.01.31"]
[Round "8"]
[White "Kotula, Oktawia"]
[Black "Bokiej, Przemyslaw"]
[Result "0-1"]
[WhiteElo "1670"]
[BlackElo "2073"]
[PlyCount "70"]
[EventDate "2008.01.28"]
[EventType "swiss"]
[EventRounds "9"]
[EventCountry "POL"]
[SourceTitle "EXT 2010"]
[Source "ChessBase"]
[SourceDate "2010.11.25"]
[SourceVersion "1"]
[SourceVersionDate "2010.11.25"]
[SourceQuality "1"]

1. c4 e5 2. Nc3 Nf6 3. Nf3 Nc6 4. d4 e4 5. Ng5 Bb4 6. a3 Bxc3+ 7. bxc3 d5 8. Qb3 dxc4 9. Qxc4 0-0 10. f3 h6 11. Nxe4 Nxe4 12. fxe4 Qh4+ 13. g3 Qxe4 14. Rg1 Ne5 15. Qxc7 Nf3+ 16. Kf2 Nxg1 17. Kxg1 Be6 18. Qf4 Qxf4 19. Bxf4 Rac8 20. Bd6 Rfd8 21. Bb4 b6 22. e4 a5 23. d5 Bxd5 24. exd5 axb4 25. cxb4 Rxd5 26. a4 Rd4 27. Rb1 Ra8 28. Bb5 Rd2 29. Rc1 Rb2 30. Rc4 Rd8 31. Rf4 Rd1+ 32. Bf1 Ra1 33. b5 Rba2 34. Rd4 Rxa4 35. Rxa4 Rxa4 0-1

[Event "Bydgoszcz op U20"]
[Site "Bydgoszcz"]
[Date "2008.01.28"]
[Round "2"]
[White "Kotula, Oktawia"]
[Black "Sobkowski, Krzysztof"]
[Result "1/2-1/2"]
[WhiteElo "1670"]
[BlackElo "1536"]
[PlyCount "79"]
[EventDate "2008.01.28"]
[EventType "swiss"]
[EventRounds "9"]
[EventCountry "POL"]
[SourceTitle "EXT 2010"]
[Source "ChessBase"]
[SourceDate "2010.11.25"]
[SourceVersion "1"]
[SourceVersionDate "2010.11.25"]
[SourceQuality "1"]

1. c4 c5 2. Nc3 Nc6 3. Nf3 Nf6 4. d4 cxd4 5. Nxd4 e6 6. Bg5 Be7 7. e3 0-0 8. Be2 h6 9. Bxf6 Bxf6 10. 0-0 a6 11. Ne4 Be7 12. Rc1 Rb8 13. a3 f5 14. Nc3 Bf6 15. b4 Ne7 16. Qb3 b6 17. Rfd1 Qe8 18. Bf3 Qg6 19. Nce2 e5 20. Nc2 Bg5 21. Ng3 Kh8 22. Bh5 Qf6 23. Rd2 d6 24. Rcd1 Rd8 25. b5 a5 26. a4 Bb7 27. Qa3 d5 28. Bf3 e4 29. Be2 g6 30. cxd5 Rxd5 31. Bc4 Rxd2 32. Rxd2 Qf8 33. Nd4 Qe8 34. Be6 Bf6 35. Qd6 Ng8 36. Qxb6 Bd5 37. Qxa5 Bxe6 38. Nxe6 Qxe6 39. Qc7 Rc8 40. Qd7 1/2-1/2

[Event "Bydgoszcz op U20"]
[Site "Bydgoszcz"]
[Date "2008.01.28"]
[Round "3"]
[White "Nowacki, Krzysztof"]
[Black "Kotula, Oktawia"]
[Result "1/2-1/2"]
[WhiteElo "1608"]
[BlackElo "1670"]
[PlyCount "31"]
[EventDate "2008.01.28"]
[EventType "swiss"]
[EventRounds "9"]
[EventCountry "POL"]
[SourceTitle "EXT 2010"]
[Source "ChessBase"]
[SourceDate "2010.11.25"]
[SourceVersion "1"]
[SourceVersionDate "2010.11.25"]
[SourceQuality "1"]

1. c4 c5 2. Nc3 Nc6 3. g3 Nf6 4. Bg2 g6 5. Nf3 Bg7 6. 0-0 0-0 7. d4 d6 8. dxc5 dxc5 9. Be3 Be6 10. Bxc5 Qa5 11. Ba3 Bxc4 12. Nd2 Be6 13. Qa4 Qxa4 14. Nxa4 Rfe8 15. Rac1 Bd5 16. Rfd1 1/2-1/2

[Event "POL-chT3 0607"]
[Site "Poland"]
[Date "2007.04.01"]
[Round "11.30"]
[White "Kotula, Oktawia"]
[Black "Rant, Izabela"]
[Result "0-1"]
[WhiteElo "1643"]
[BlackElo "1877"]
[PlyCount "75"]
[EventDate "2006.11.12"]
[EventType "team"]
[EventRounds "11"]
[EventCountry "POL"]
[SourceTitle "EXT 2009"]
[Source "ChessBase"]
[SourceDate "2008.11.26"]
[SourceVersion "1"]
[SourceVersionDate "2008.11.26"]
[SourceQuality "1"]

1. c4 c6 2. d4 d5 3. e3 Nf6 4. Nc3 e6 5. Nf3 Nbd7 6. Bd2 c5 7. Be2 Be7 8. 0-0 0-0 9. cxd5 exd5 10. Bb5 c4 11. b3 a6 12. Bxd7 Bxd7 13. Ne5 b5 14. a4 b4 15. Ne2 c3 16. Bxc3 bxc3 17. Nxc3 Bf5 18. Qf3 Be4 19. Nxe4 Nxe4 20. Nc6 Qd6 21. Nxe7+ Qxe7 22. Qe2 Qb4 23. Qd3 Rfc8 24. Rfc1 a5 25. Rc2 Rxc2 26. Qxc2 Rb8 27. Rc1 g6 28. f3 Nd2 29. Qc3 Qxc3 30. Rxc3 Nxb3 31. Kf2 Nd2 32. Rc5 Nc4 33. Rxd5 Rb2+ 34. Ke1 Ra2 35. e4 Rxa4 36. Rd8+ Kg7 37. d5 Kf6 38. f4 0-1

[Event "POL-chT3 0607"]
[Site "Poland"]
[Date "2007.03.18"]
[Round "10.18"]
[White "Weglarz, Joanna"]
[Black "Kotula, Oktawia"]
[Result "1-0"]
[WhiteElo "2006"]
[BlackElo "1643"]
[PlyCount "105"]
[EventDate "2006.11.12"]
[EventType "team"]
[EventRounds "11"]
[EventCountry "POL"]
[SourceTitle "EXT 2009"]
[Source "ChessBase"]
[SourceDate "2008.11.26"]
[SourceVersion "1"]
[SourceVersionDate "2008.11.26"]
[SourceQuality "1"]

1. e4 c5 2. Nf3 Nc6 3. d4 cxd4 4. Nxd4 g6 5. g3 Bg7 6. Ne2 d6 7. Bg2 Nf6 8. 0-0 0-0 9. Nbc3 Bg4 10. h3 Bd7 11. Kh2 Rc8 12. Nd5 Be6 13. Bg5 Bxd5 14. exd5 Ne5 15. b3 h6 16. Be3 a6 17. c4 b5 18. cxb5 axb5 19. Nd4 b4 20. f4 Ned7 21. Nc6 Qe8 22. Nxb4 Nc5 23. Rc1 Qb5 24. Nc6 Rc7 25. Nd4 Qa5 26. a4 Nfe4 27. Nb5 Rcc8 28. Bxe4 Nxe4 29. Qd3 Nc5 30. Bxc5 Rxc5 31. Rc4 Qa8 32. Rxc5 dxc5 33. Qc4 Rd8 34. Rd1 Rc8 35. Rc1 Qa5 36. Rc2 Qa8 37. Re2 Bf6 38. d6 Qf3 39. dxe7 Bxe7 40. Qe4 Qxe4 41. Rxe4 Kf8 42. Kg2 Rd8 43. Kf3 Rd3+ 44. Re3 Rd2 45. Na3 Bf6 46. Nc4 Rc2 47. Ke4 Bd4 48. Rd3 Ke7 49. Kd5 f6 50. b4 Rc3 51. Rxc3 Bxc3 52. Kxc5 Kd7 53. b5 1-0